বাংলায় স্ব-শাসন, ১৯৩৭-১৯৪৩ / (Record no. 99823)
[ view plain ]
| 000 -LEADER | |
|---|---|
| fixed length control field | 00872nam a22002177a 4500 |
| 003 - CONTROL NUMBER IDENTIFIER | |
| control field | BD-DhUL |
| 005 - DATE AND TIME OF LATEST TRANSACTION | |
| control field | 20160821124409.0 |
| 008 - FIXED-LENGTH DATA ELEMENTS--GENERAL INFORMATION | |
| fixed length control field | 160821s2001 bg a|||| |||| 00| 0 ben |
| 020 ## - INTERNATIONAL STANDARD BOOK NUMBER | |
| International Standard Book Number | 9840741454 |
| 040 ## - CATALOGING SOURCE | |
| Original cataloging agency | BD-DhUL |
| Transcribing agency | BD-DhUL |
| 082 ## - DEWEY DECIMAL CLASSIFICATION NUMBER | |
| Classification number | 320.954 |
| Item number | RAB |
| 100 1# - MAIN ENTRY--PERSONAL NAME | |
| Personal name | রহিম, এনায়েতুর। |
| 245 1# - TITLE STATEMENT | |
| Title | বাংলায় স্ব-শাসন, ১৯৩৭-১৯৪৩ / |
| Statement of responsibility, etc. | এনায়েতুর রহিম ; অনুবাদ জাকারিয়া শিরাজী |
| 260 ## - PUBLICATION, DISTRIBUTION, ETC. (IMPRINT) | |
| Place of publication, distribution, etc. | ঢাকা : |
| Name of publisher, distributor, etc. | বাংলা একাডেমী, |
| Date of publication, distribution, etc. | ২০০১। |
| 300 ## - PHYSICAL DESCRIPTION | |
| Extent | ষোল, ২৭৪ পৃ. ; |
| Dimensions | ২২ সেমি। |
| 365 ## - TRADE PRICE | |
| Price type code | BDT |
| Price amount | 140.00 |
| 504 ## - BIBLIOGRAPHY, ETC. NOTE | |
| Bibliography, etc | গ্রন্থপঞ্জি: পৃ. ২৫৮-২৭৪। |
| 650 #0 - SUBJECT ADDED ENTRY--TOPICAL TERM | |
| Topical term or geographic name as entry element | বাংলাদেশ |
| 650 #0 - SUBJECT ADDED ENTRY--TOPICAL TERM | |
| Topical term or geographic name as entry element | Bangladesh |
| 942 ## - ADDED ENTRY ELEMENTS (KOHA) | |
| Source of classification or shelving scheme | |
| Koha item type | Books |
| Price effective from | Date last seen | Permanent Location | Not for loan | Date acquired | Source of classification or shelving scheme | Koha item type | Lost status | Withdrawn status | Copy number | Source of acquisition | Collection code | Damaged status | Shelving location | Barcode | Current Location | Full call number |
|---|---|---|---|---|---|---|---|---|---|---|---|---|---|---|---|---|
| 2016-08-21 | 2016-08-21 | Dhaka University Library | 0000-00-00 | Books | 2 | Purchased | Non Fiction | General Stacks | 409272 | Dhaka University Library | 320.954 RAB | |||||
| 2016-08-21 | 2016-08-21 | Dhaka University Library | 2016-08-21 | Books | 6 | Purchased | Non Fiction | General Stacks | 420032 | Dhaka University Library | 320.954 RAB | |||||
| 2016-08-21 | 2016-08-21 | Dhaka University Library | 2016-08-21 | Books | 5 | Purchased | Non Fiction | General Stacks | 420031 | Dhaka University Library | 320.954 RAB | |||||
| 2016-08-21 | 2016-08-21 | Dhaka University Library | 2016-08-21 | Books | 3 | Purchased | Non Fiction | General Stacks | 409273 | Dhaka University Library | 320.954 RAB | |||||
| 2016-08-21 | 2016-08-21 | Dhaka University Library | 2016-08-21 | Books | 4 | Purchased | Non Fiction | General Stacks | 409274 | Dhaka University Library | 320.954 RAB | |||||
| 2016-08-21 | 2016-08-21 | Dhaka University Library | 2016-08-21 | Books | 1 | Purchased | Non Fiction | General Stacks | 409271 | Dhaka University Library | 320.954 RAB | |||||
| 2016-08-21 | 2016-08-21 | Dhaka University Library | 2016-08-21 | Books | 5 | Purchased | Non Fiction | General Stacks | 450262 | Dhaka University Library | 320.954 RAB | |||||
| 2016-08-21 | 2016-08-21 | Dhaka University Library | 2016-08-21 | Books | 6 | Purchased | Non Fiction | General Stacks | 450263 | Dhaka University Library | 320.954 RAB | |||||
| 2016-08-21 | 2016-08-21 | Dhaka University Library | 2016-08-21 | Books | 7 | Purchased | Non Fiction | General Stacks | 450264 | Dhaka University Library | 320.954 RAB | |||||
| 2016-08-21 | 2016-08-21 | Dhaka University Library | 2016-08-21 | Books | 10 | Purchased | Non Fiction | General Stacks | 456174 | Dhaka University Library | 320.954 RAB | |||||
| 2016-08-21 | 2016-08-21 | Dhaka University Library | 2016-08-21 | Books | 11 | Purchased | Non Fiction | General Stacks | 456175 | Dhaka University Library | 320.954 RAB | |||||
| 2016-08-21 | 2016-08-21 | Dhaka University Library | 2016-08-21 | Books | 12 | Purchased | Non Fiction | General Stacks | 456176 | Dhaka University Library | 320.954 RAB |
